| 000 | 00761nam a2200169 i 4500 | ||
|---|---|---|---|
| 001 | 34813 | ||
| 003 | ES-MaACL | ||
| 005 | 20230906155012.0 | ||
| 007 | t| | ||
| 008 | 030211s1919 fr ||||1| fre d | ||
| 100 | 1 |
_aBossert, Adolphe. _930714 |
|
| 245 | 1 | 0 |
_aEtudes historiques et figures alsaciennes / _cAdolphe Bossert. |
| 260 |
_aParĂs : _b[s.n., _c1919] ( _eSaint-Germain : _fLevoy) |
||
| 300 |
_a294 p. ; _c19 cm. |
||
| 505 | 8 | _aContiene: Avant et apres Jena. Kant et la paise perpetuelle. La politique francaise de Goethe. Goethe continuater d'Homere. Goethe a l'ecole de Voltaire. Madame Lucifer. La decadence du sens historique en Allemagne. Erckman Chatrian. La legende de Sainte Obile. Heracle de Lausperg. Para Oberlin | |
| 852 |
_aES-MaACL _jF-10748 |
||
| 999 |
_c34813 _d34813 |
||